A pictorial approach to perspective shades & shadows /

Bibliographic Details
Main Author: Holmes, James R.
Other Authors: McGuire, Noel C.
Format: Book
Language:English
Published: Austin, Tex. : University Co-op, [1950]
Subjects:

MARC

Tag First Indicator Second Indicator Subfields
LEADER 00000cam a2200000 4500
001 in00000191997
005 20151009052953.0
008 791029s1950 txua 00010 eng
010 |a  50038246  
035 |a (OCoLC)05622886 
035 |9 AAW2812AM 
040 |a TXA  |c TXA  |d UtOrBLW 
049 |a [Folio] TXAM  |c [850101] 
050 0 |a NC750  |b .H57 
082 0 |a 742 
100 1 |a Holmes, James R. 
245 1 2 |a A pictorial approach to perspective shades & shadows /  |c by James R. Holmes and Noel C. McGuire. 
264 1 |a Austin, Tex. :  |b University Co-op,  |c [1950] 
264 4 |c ©1950 
300 |a iii, 70 pages 18 :  |b illustrations ;  |c 39 cm. 
336 |a text  |b txt  |2 rdacontent 
337 |a unmediated  |b n  |2 rdamedia 
338 |a volume  |b nc  |2 rdacarrier 
650 0 |a Perspective. 
700 1 |a McGuire, Noel C. 
999 |a MARS 
999 f f |s ef18d174-b3a7-30a6-8b74-2396f9c1b4b6  |i 70931572-b870-3040-a970-3792ca5d4c8c  |t 0 
952 f f |p ric  |a Texas A&M University  |b Rellis Campus  |c Joint Library Facility  |d Remote Storage  |t 0  |e NC750 .H57  |f Oversize  |h Library of Congress classification  |i unmediated -- volume  |m A14805837035 
998 f f |a NC750 .H57  |t 0  |l Remote Storage